000 00760nam a2200181Ia 4500
008 090124s9999 xx 000 0 und d
082 _b6315
_a221
100 _aदिवेकर महादेवशास्त्री
245 _a अखिल हिंंदूकरीता नवा हिंदुधर्म
250 _a1
260 _c1942
300 _a9+8+514
600 _aदिवेकर महादेवशास्त्री
630 _a अखिल हिंंदूकरीता नवा हिंदुधर्म
700 _aदिवेकर महादेवशास्त्री
730 _a अखिल हिंंदूकरीता नवा हिंदुधर्म
942 _cBOOK
999 _c120256
_d120256